Provincias españolas donde hay linces - Estadísticas

Estadísticas generales
  • Esta prueba ha sido intentada 188 veces
  • La puntuación promedio es 7 de 7
Estadísticas de respuestas
PROVINCIA % Correcto
Badajoz
98%
Sevilla
98%
Jaen
96%
Córdoba
95%
Huelva
95%
Ciudad Real
93%
Toledo
92%
No se encontraron pruebas coincidentes
Distribución de puntuación
Porcentaje de gente con cada puntuación
Porcentaje por número respondido
Historial de tus puntuaciones
No has intentado esta prueba.